000 00628nam a2200253Ia 4500
003 OSt
005 20221007111126.0
006 a|||||r|||| 00| 0
007 ta
008 221006b |||||||| |||| 00| 0 eng d
024 _a22,624
037 _cTextual
040 _aLCO
_cLCO
_beng
041 _2eng
_aeng
082 _aX72:(Z1), K9
100 _aTandon Raj K.
_9151829
245 0 _aTax Laws World Over
250 _a1st
260 _aDelhi
_bRangnath Publications India
_c1969
300 _a360
650 _aTAX
942 _hX72:(Z1), K9
_cTEXL
999 _c1192187
_d1192187